| 000 | 00940nam a2200205 a 4500 | ||
|---|---|---|---|
| 001 | 49881 | ||
| 005 | 20180714034737.0 | ||
| 008 | 140415s2003 sp 000 0 spa d | ||
| 020 | _a8497322053 | ||
| 041 | _aspa | ||
| 082 |
_a629.222 _bALO |
||
| 100 | 1 | _aALONSO, JOSE MANUEL | |
| 245 | 1 | 0 | _aCIRCUITOS DE FLUIDOS, SUSPENSION Y DIRECCION |
| 250 | _a3a ed. | ||
| 260 |
_aESPAÑA : _bINTERNATIONAL THOMSON EDITORES, _c2003 |
||
| 300 |
_a266 _c21 x 1.4 x 29.6 |
||
| 490 | _aMANTENIMIENTO DE VEHÍCULOS AUTOPROPULSADOS | ||
| 520 | _aEN ESTA OBRA SE DESCRIBEN MINUCIOSAMENTE LOS CIRCUITOSDE FLUIDOS Y SU APLICACION A LOS SISTEMAS DE SUSPENSION Y DIRECCION, ANALIZANDO LA TEORIA DE SU FUNCIONAMIENTO INDIVIDUAL Y DE CONJUNTO, ASI COMO LAS NUEVAS TECNICAS APLICADAS. POSTERIORMENTE SE DETALLAN LOS PROCESOS DE VERIFICACION Y CONTROL NECESARIOS PARA REALIZAR LAS OPORTUNAS REPARACIONES. | ||
| 650 | 1 | 4 |
_aAUTOMOVILES _xTRANSPORTE |
| 999 |
_c49881 _d49881 |
||